Most Stolen Cars - Statistics

General Stats
  • This quiz has been taken 15 times
  • The average score is 3 of 10
Answer Stats
Hint Answer % Correct
19,858 Honda Civic
62%
21,001 Kia Soul
46%
15,852 Ford F150 Series Pickup
31%
20,895 Honda Accord
31%
48,445 Hyundai Elantra
31%
42,813 Hyundai Sonata
31%
23,721 Chevrolet Silverado 1500
23%
30,204 Kia Optima
15%
15,749 Kia Sportage
15%
16,209 Kia Forte
8%
No matching quizzes found
Score Distribution
Percent of People with Each Score
Percentile by Number Answered
Your Score History
You have not taken this quiz